| 000 | 00633cam a22002291 4500 | ||
|---|---|---|---|
| 001 | sa 65004900 | ||
| 003 | DLC | ||
| 005 | 20260227112134.0 | ||
| 008 | 900125s1964 ii bch 000 0 gujo | ||
| 010 | _asa 65004900 | ||
| 035 | _a(OCoLC)20956691 | ||
| 040 |
_aDLC _cWaU _dDLC |
||
| 042 | _apremarc | ||
| 043 | _aa-ii--- | ||
| 050 | 0 | 0 |
_aJS7025.G8 _bN3 |
| 100 | 1 |
_aNaik, Bhadrashankar Jivanraṃ, _d1899- |
|
| 245 | 1 | 0 | _aGujarāta pañcāyata rājyano vividha paricaya. |
| 260 | _c[1964] | ||
| 300 |
_a3, 92, 16 p. _bfacsim., fold. map, port. _c25 cm. |
||
| 500 | _aIn Gujarati. | ||
| 650 | 0 |
_aLocal government _zIndia _zGujarat. |
|
| 999 |
_c64001 _d64001 |
||